[Event "Reykjavik Hrokurinn"]
[Site "Reykjavik"]
[Date "2003.02.24"]
[Round "6"]
[White "Bacrot, Etienne"]
[Black "McShane, Luke J"]
[Result "0-1"]
[WhiteElo "2671"]
[BlackElo "2568"]
[Annotator "McShane,L"]
[PlyCount "74"]
[EventDate "2003.02.18"]
[EventType "tourn"]
[EventRounds "9"]
[EventCountry "ISL"]
[EventCategory "15"]
[SourceTitle "CBM 094"]
[Source "ChessBase"]
[SourceDate "2003.05.26"]
[SourceVersion "1"]
[SourceVersionDate "2003.05.26"]
[SourceQuality "1"]

1. d4 {Krasenkow} Nf6 2. c4 g6 3. Nc3 d5 4. cxd5 Nxd5 5. e4 Nxc3 6. bxc3 Bg7 7.
Ba3 O-O 8. Nf3 b6 {[%cal Yc7c5,Yc8b7]} (8... Nd7 {[%cal Yc7c5,Yd8a5] was the
other move I considered. 8 ...b6 seemed more flexible though.}) 9. Be2 {
Other moves will leave him vulnerable to Bc8-g4 after c7-c5.} Bb7 {A little
tickle. Before I commit my pieces, he must decide where to put his Q If it
goes to c2, it could be vulnerable on the c-file, and on d3 I can play as in
the game, and Bb7-a6 can be a motif sometimes.} 10. Qd3 {Krasenkow: 'A simple
arrangement of pieces, which should not be dangerous for Black.'} (10. Qc2 Nd7
{[%csl Rc2][%cal Yc7c5,Ya8c8]}) 10... Qd7 {[%mdl 32] '!?' Krasenkow. I was
slightly concerned by his possible exchange sacrifice, till I spotted 12...Nd7,
maintaining all the same threats. Krasenkow: 'Black looks for unusual ways of
development. He activates his queen, after which his attack in the centre (...
c7-c5) significantly gains in strength.'} (10... Nd7 {Krasenkow} 11. O-O Nf6
12. Nd2 c5 13. Rad1 cxd4 $6 14. cxd4 Qd7 15. d5 $14 {1-0 Wassin,S-Wikman,B/
Laguna 1996/EXT 2000 (41). (40)}) (10... c5 $5 {(Krasenkow) is the most normal
move} 11. dxc5 $140 Qc7) 11. O-O (11. Ne5 {I don't really believe. I can
capture it, with no great worries due to the poor Ba3, or try something more
ambitious.}) 11... Qa4 {[%csl Re4,Re7][%cal Yf8e8,Yb7e4,Ya3e7]} 12. c4 {
Krasenkow: 'This (often powerful) pawn advance doesn't succeed as Black's
pieces are very active. '} (12. Bxe7 {Krasenkow} Re8 $11) 12... Nd7 $1 {
[%csl Ra3][%cal Yb7e4] One threat is added - Bb7xe4, whilst the previous
points of pressure, the loose Ba3 and potential c7-c5 break remain. Black can
not deal with everything.} (12... c5 13. d5 Bxa1 14. Rxa1 $44 {[%csl Ga3] with
very dangerous compensation}) (12... Nc6 13. e5 $1 Rfd8 14. Qc3 $1 {and I have
insufficient counterplay.}) 13. Bd1 {'?' Krasenkow. Krasenkow: 'An inaccurate
move creating problems for White.'} (13. d5 {is probably too optimistic.}) (13.
Nd2 c5 (13... Bxd4 $2 14. Bd1 $1 Qa5 15. Qxd4 Qxa3 16. Qxd7 Rad8 17. Qxc7 $18 {
[%csl Rb7]}) 14. d5 Bxa1 15. Rxa1 e5 $17 {[%csl Ge5][%cal Yf7f6] With a1-h8
well covered Black must surely be better here.}) (13. Qe3 $142 {Krasenkow} Bxe4
(13... c5 14. d5) (13... Rfe8 14. e5) 14. Bxe7 Bxf3 15. Bxf3 Rae8 16. Rae1 Bf6
17. Qa3 $1 Qxa3 18. Bxa3 c5 $11) 13... Qa5 (13... Bxe4 $2 14. Bxa4 Bxd3 15.
Bxd7 Bxf1 16. Rxf1 $16) (13... Qa6 $5) 14. e5 {'?!' Krasenkow.} (14. Qe3 {
(Krasenkow) (relatively best) now gives Black an excellent position after} c5
$1 $17 {as the a1 rook is not protected anymore.} (14... Bxe4 {is interesting
but less convincing:} 15. Bxe7 Bxf3 16. Bxf8 (16. Bxf3 Rae8 17. Qa3 (17. Bc6
Bf6 $1) 17... Qxa3 18. Bxa3 Bxd4 19. Bxf8 Bxa1 20. Ba3 Bf6 $17) 16... Bxg2 17.
Kxg2 Nxf8 $44)) 14... c5 {By this stage I was puzzled by Etienne's play, since
all I could see was his centre collapsing, which indeed it soon does.
Krasenkow: 'Breaking down White's centre.'} 15. Rb1 (15. e6 {Krasenkow} fxe6
16. Bb2 cxd4 17. Nxd4 Qg5 18. Qh3 Nc5 $17) 15... cxd4 16. Rb5 Qc3 $1 $17 {
We had both overlooked this. I had only just noticed it was possible after 16.
Rb5. I had been planning Qa6, but this is far stronger.} (16... Qa6 17. Bxe7
Rfe8 18. Bd6 {is probably also very good for Black.}) 17. Qxc3 dxc3 {[%csl Gc3,
Rc4,Re5,Re7] '-+' Krasenkow. Krasenkow: 'With this strong passed pawn and
several weaknesses in White's camp (e5, c4), Black has a decisive advantage.'}
18. Bxe7 Rfe8 19. Bd6 Rac8 20. Re1 Bc6 (20... Bxf3 21. Bxf3 $2 (21. gxf3 $142
$1) 21... Bxe5 22. Bxe5 Nxe5 23. Rbxe5 Rxe5 24. Rxe5 c2 25. Re1 Rxc4 26. Rc1
Rb4 $1 $19 {was a pretty line I analysed, but unfortunately 21.gxf3! is much
stronger}) 21. Rb1 Bxf3 {Krasenkow: 'Time to collect harvest.'} 22. gxf3 (22.
Bxf3 Bxe5 23. Bxe5 Nxe5 24. Bd5 c2 25. Rbc1 Nd3 $19) 22... Bxe5 23. Bxe5 Nxe5 {
[%csl Re1][%cal Yc3c2,Ye5f3]} 24. Re3 $8 {The only chance.} Nxc4 (24... Rxc4
25. Bb3 {[%csl Rc3,Re8][%cal Yf3f4,Yb1c1] is a bit awkward.}) 25. Rxc3 Re1+ 26.
Kg2 Nd6 27. Rd3 (27. Rxc8+ Nxc8 28. Bc2 Rxb1 29. Bxb1 Ne7 {[%cal Ye7d5,Yd5c3]})
27... Nf5 28. Rb5 Rc7 29. Rbd5 Kg7 {Some quick consolidating moves to get
closer to move 40.} 30. Rd2 h6 $1 {A nice clear cut idea I was pleased to find.
g6-g5 will be handy.} 31. Bb3 (31. f4 Rc4 {[%csl Gc4,Rf4][%cal Yc4f4]} 32. Kf3
Ree4 {[%csl Gc4,Ge4,Rf4][%cal Ye4f4]}) 31... Nh4+ 32. Kg3 Nf5+ {A repetition,
since I had only a minute or two left.} 33. Kg2 Nh4+ 34. Kg3 g5 $1 $19 {
[%csl Rg3][%cal Ye1g1]} 35. Rd7 Rg1+ 36. Kh3 Nxf3 $1 {[%csl Rh3][%cal Yg5g4]}
37. Be6 h5 $1 {[%csl Rh3][%cal Yg5g4]} 0-1

[Event "Bundesliga 1617"]
[Site "Germany"]
[Date "2017.04.30"]
[Round "14.5"]
[White "Werle, Jan"]
[Black "Schreiner, Peter"]
[Result "1-0"]
[WhiteElo "2555"]
[BlackElo "2463"]
[Annotator "Meyer,CD"]
[PlyCount "55"]
[EventDate "2016.10.15"]
[EventType "team-tourn"]
[EventRounds "15"]
[EventCountry "GER"]
[SourceTitle "CBM 178"]
[Source "ChessBase"]
[SourceDate "2017.05.14"]
[SourceVersion "1"]
[SourceVersionDate "2017.05.14"]
[SourceQuality "1"]
[WhiteTeam "Werder Bremen"]
[BlackTeam "Berlin SF"]
[WhiteTeamCountry "GER"]
[BlackTeamCountry "GER"]

{RAUMVORTEIL PLUS MOBILER KÖNIG} 1. d4 Nf6 2. c4 g6 3. Nc3 d5 4. cxd5 Nxd5 5.
e4 Nxc3 6. bxc3 Bg7 7. Nf3 c5 8. Be3 ({In dieser Grünfeld-Indischen
Abtauschvariante nach 7.Nf3 c5 ist die Alternative} 8. Rb1 {noch häufiger
anzutreffen (} O-O 9. Be2 {)}) 8... Qa5 9. Qd2 O-O ({Oder z.B.: I Weniger
beliebt ist die sofortige Auflösung} 9... cxd4 10. cxd4 Qxd2+ {, z.B.} 11.
Kxd2 O-O 12. Rb1 Rd8 13. Bd3 e6 14. h4 {Da der Bc8 durch ...e6 eingesperrt ist,
erscheint der Flügelvorstoß - im Gegensatz zu unserer Hauptpartie -
wirkungsvoller.} (14. Rhc1 Nc6 15. e5 h6 $5 {'Prior to this game, this move
was only played once between players of lower level. Black prevents Bg5 and
Ng5, preparing an effective regrouping.'} 16. Ke1 Bf8 17. Be4 Nb4 18. Bd2 Nd5 {
Black has managed to block the enemy centre and threatens to complete his
development with ...b6 and ...Bb7. In order to avoid being left in an inferior
position, White has to play energetically.} 19. a4 b6 20. a5 {The weakness of
the b6-pawn will compensate for the backward d4-pawn.} Bb7 21. axb6 axb6 22.
Bxd5 Bxd5 23. Rxb6 Bxf3 24. gxf3 Rxd4 25. f4 Rdd8 26. Be3 Rab8 {- remis,
Gelfand,B (2741) - Ivanchuk,V (2741),Astrakhan 2010, CBM 137 [Marin,M]}) 14...
Nc6 15. e5 h6 16. Rhc1 Bf8 17. Be4 $14 Nb4 $2 18. Nh2 $1 Nxa2 19. Rc7 $16 h5
20. g4 Bd7 $2 21. Rbxb7 (21. Bxb7 $142 Rab8 22. gxh5 $18) 21... Be8 22. gxh5
gxh5 23. Nf3 $16 {mit großem weißem Vorteil, dennoch 0:1/47, Werle,J (2532)
- Kovchan,A (2591), Paleochora 2015}) ({II Das "klassische" und viel
diskutierte "Mittelspiel ohne Damen" nach} 9... Nc6 10. Rc1 cxd4 11. cxd4 Qxd2+
12. Kxd2 O-O 13. d5 Rd8 {und nun} 14. Ke1 {(oder Kc2) bietet immer noch einige
Fragezeichen.}) 10. Rc1 (10. Rb1 $143 b6 $1 11. Rb5 Qa4 12. Rb3 Ba6 13. Bxa6
Nxa6 14. O-O Rfd8 15. Qe2 cxd4 16. cxd4 Rac8 17. Qb2 Nc5 18. Qa3 Qxa3 19. Rxa3
Nxe4 20. Rxa7 Bf6 21. Rb1 {- remis, Werle,J (2525) - Wan,Y (2472), Vlissingen
2015}) 10... Nd7 ({Oder z.B.: I} 10... cxd4 11. cxd4 Qxd2+ 12. Bxd2 (12. Nxd2
$5) 12... e6 13. Bb5 Bd7 14. Bxd7 Nxd7 15. Rc7 Nf6 16. e5 Nd5 17. Rxb7 Rfb8 18.
Rxb8+ Rxb8 19. O-O Rb2 20. a4 Bf8 21. Rc1 Kg7 22. h4 Bb4 23. Bxb4 Rxb4 24. a5
Ra4 25. Rc5 h6 26. g3 Ra2 $11 {mit lockerem Ausgleich, dennoch 1:0/52,
Baramidze,D (2601) - Nyback,T (2572), Germany 2016}) ({II} 10... Rd8 11. d5 e6
12. Bg5 f6 13. Be3 Nc6 14. Bd3 b6 15. O-O Ba6 16. Be2 Rd7 (16... Bxe2 $2 17.
Qxe2 {/\} exd5 18. exd5 Rxd5 19. Bf4 Ne5 20. Bxe5 fxe5 21. Ng5 $16) 17. Rfd1
Re8 18. Qc2 exd5 19. Bxa6 Qxa6 20. exd5 Ne7 21. c4 Nf5 22. Bf4 $14 {- remis/46,
Dolgov,I (2530) - Tischbierek,R (2685), ICCF email 2011}) 11. h4 $5 $146 {
An dieser Stelle möglicherweise eine Neuerung, indes wirkt der
unternehmungslustige Flügelvorstoß angesichts des Schwachpunktes g4
zweischneidig. Die zumeist erprobten Fortsetzungen lauten 11.Bd3, 11.d5 und 11.
Bh6.} e5 $2 {Dies allerdings lädt den Gegner dazu ein, das Zentrum zu
schließen.} ({I Der kritische Test lautet meines Erachtens} 11... Nf6 $142 12.
Bd3 {und nach} Rd8 {muß Weiß schon "Farbe bekennen":} (12... Bg4 $143 13. Ne5
) 13. h5 $5 {Ein ebenso konsequentes wie interessantes Bauernopfer, für das
Weiß allem Anschein nach ausreichend Kompensation im Königsangriff über die
offene h-Linie erhält.} (13. O-O $143 Bg4 $13 {ergibt vermutlich nicht die
Stellung, die Weiß mit 11.h4 beabsichtigt hatte.}) (13. d5 $143 $6 c4 14. Bb1
e6) (13. e5 $143 $6 Ng4 14. h5 Be6 (14... Nxe3 $143 15. fxe3 $11) 15. Ng5 (15.
hxg6 hxg6 16. Ng5 cxd4 17. cxd4 Qxd2+ 18. Kxd2 Bxa2 $15) 15... Qxa2 16. hxg6
hxg6 17. Rc2 Qd5 $15) 13... Nxh5 14. d5 Nf6 15. Bh6 Bh8 16. Ng5 $40 Ng4 (16...
b5 17. Qf4 $13) (16... Bd7 17. Qf4 Be8 18. Be2 $13) 17. Nxh7 c4 $5 (17... Kxh7
$2 18. f3 Kg8 (18... Ne5 $4 19. Bf8+ Kg8 20. Rxh8+ {nebst Matt in 2}) (18...
Nf6 $4 19. Bg7+ {nebst Matt in 2}) 19. fxg4 $16) 18. Be2 Nxh6 19. Qxh6 $5 (19.
Rxh6 $143 Qc7) 19... Bxc3+ (19... Qxa2 $2 20. d6 $1 exd6 $4 21. Qg5 $1 $18) 20.
Kf1 Bg7 21. Qh4 $44) ({II} 11... cxd4 $6 12. cxd4 Qxd2+ 13. Kxd2 $14 {würde
dem Anziehenden in die Hände spielen.}) 12. Bh6 $5 ({Das Zentrum mittels} 12.
d5 $5 {abzuriegeln kam auch sehr in Betracht, z.B.} Nf6 13. c4 Qc7 14. Bd3 Ng4
15. Qe2 Nxe3 16. Qxe3 $14) 12... exd4 $1 ({Nach} 12... cxd4 $6 13. Bxg7 (13. h5
$2 dxc3) 13... Kxg7 14. cxd4 Qxd2+ 15. Kxd2 exd4 16. Nxd4 {entsteht ein
Endspieltyp mit dem weißen König in der Mitte, den (nicht nur) der
niederländische Großmeister angeblich sehr mag. Weiter könnte folgen:} b6
17. f3 Nc5 18. Bc4 $14) 13. Bxg7 Kxg7 14. cxd4 ({Die naheliegende und solide
Fortsetzung, zudem Weiß auf den Damentausch fokussiert war. Andererseits
hätte der kühne, aber auch riskante Hebel} 14. h5 $5 {die geschwächte
schwarze Königsfeste heftig attackiert und ein taktisches Feuerwerk initiiert:
} dxc3 15. Rxc3 Nf6 16. hxg6 Rd8 $5 17. Qh6+ (17. Qc1 Be6 $5 $13 {/=} (17...
fxg6 $2 18. Be2 $1)) 17... Kh8 18. Qc1 $1 (18. g7+ $6 Kg8 19. Qxf6 Rd4 $1 20.
Nxd4 Qxc3+ 21. Ke2 Qxd4 22. Qxd4 cxd4 23. Kd2 Be6 $15) 18... Bg4 (18... fxg6
19. Ng5 Rd4 20. f3 c4 21. Be2 $1 (21. Kf2 $143 Qb6 (21... Qxa2+ $4 22. Ke3 $1
$18 {mit der Doppeldrohung Ra3 nebst Damenfang sowie Kxd4}) 22. Qe3 Rd2+ 23.
Be2 Bd7 24. e5 Nh5 $5 $13 {/=}) 21... Kg7 22. Kf2 Qb6 23. Qe3 $14) 19. Be2 Bxf3
(19... fxg6 20. O-O $14 Rac8 (20... Nxe4 $6 21. Re3 $40 Bxf3 (21... Nf6 22. Ng5
Bxe2 23. Rxe2 Rd7 24. Qa1) 22. Bxf3 Nf6 23. Re6 Ng8 24. Qb2+ Rd4 25. Qxb7) 21.
e5 Nd5 22. Rc4 Bxf3 23. Bxf3 Nb6 24. Re4 Qd2 25. Qa1 Rd4 (25... Qh6 26. Bg4 Rc7
27. Rd1 $16) 26. e6 Kg8 27. Re2 Qg5 28. Bxb7 $16) 20. g7+ Kg8 21. gxf3 Rac8 22.
Kf1 $13 {/=, und nachdem sich der dichte Pulverdampf verzogen hat, mögen die
Chance etwa gleich sein.}) 14... Qxd2+ 15. Kxd2 Nf6 16. Bd3 Re8 $2 ({Dem
Ausgleich sehr nahe unterläuft Schwarz ein leichtsinniger, fataler Fehler,
während er nach dem schlichten} 16... cxd4 $142 {frei von Sorgen gewesen
wäre, z.B.} 17. Rc7 (17. Nxd4 $2 Rd8 18. Kc3 b5 $1 19. Nxb5 (19. Bxb5 $4 Nxe4+
20. Kc4 Bb7) 19... Ba6) 17... h6 (17... Ne8 $11) 18. Ne5 (18. Rhc1 Re8 $11)
18... Ne8 {und weiter} 19. Rc4 Be6 20. Rxd4 Rc8 21. Rb1 Rc7 $11 {mit
ausgeglichener Stellung.}) 17. e5 $1 $16 Ng4 ({I Nach} 17... Nd7 {hätte Weiß
die angenehme Wahl zwischen 18.Ng5 und 18.Bb5 jeweils mit großem Vorteil. Man
sehe z.B.:} 18. Bb5 $5 (18. Ng5 $5 cxd4 (18... Rd8 19. h5 h6 (19... Nxe5 $2 20.
dxe5 Bf5 21. h6+ Kg8 22. Rh3 Bxh3 23. Nxh3 Rd5 24. f4 Rad8 25. Nf2 b5 26. Ke3
c4 27. Be4 Rd4 28. Ng4 $18) 20. Ne4 cxd4 21. f4 $16) 19. f4 h6 (19... f6 $2 20.
Ne4 $1 fxe5 21. Rc7 $1 $18 {/\Nd6 und Rhc1}) (19... Nb6 20. h5 $16) 20. Ne4 $1
$16 {/\Nd6 und/oder Rc7}) 18... b6 19. h5 $1 (19. dxc5 $6 bxc5 20. Bxd7 Bxd7
21. Rxc5 Rab8 $132) (19. d5 a6 20. Bc6 Ra7 21. h5) 19... Re7 (19... Rd8) 20.
h6+ Kg8 21. d5 $1 Nxe5 22. Nxe5 Rxe5 23. Bc6 Rb8 24. Rhe1 Rxe1 25. Rxe1 Bf5 26.
a4 Kf8 27. Kc3 $16) ({II} 17... Nd5 $2 18. Rxc5) 18. Rxc5 Nxf2 19. Rhc1 {
Nun darf der Anziehende - gewissermaßen als "Wunschkonzert" - sein
angestrebtes Endspiel zelebrieren, zumal sein Gegner kaum Gegenspiel
generieren kann.} Nxd3 ({Auch nach} 19... Be6 20. Rc7 {kann Weiß sein aktives
Übergewicht dank seines Raumvorteils und mobilen Königs ausbauen, z.B.} Nxd3
(20... Bxa2 21. Ng5 Kg8 (21... Rad8 22. Rf1 Nxd3 23. Kxd3 Rc8 24. Rfxf7+ Bxf7
25. Rxf7+ Kg8 26. Rxb7 $18) (21... h6 22. Bb1 $1 Bxb1 23. Rxf7+ Kg8 24. Rxf2
Ba2 (24... hxg5 25. Rxb1 Rab8 26. hxg5 $18) 25. Ne4 $18) 22. Bb1 Bd5 23. Rf1
Ng4 24. Be4 $1 Bxe4 (24... Ba2 25. Bxb7 $18) 25. Rfxf7 $18) 21. Kxd3 h6 22.
Rxb7 Reb8 (22... Bxa2 23. Ke4 $1 Reb8 (23... Red8 24. Rc5) 24. Rxb8 Rxb8 25. d5
) 23. Rxb8 Rxb8 24. Rc5 Rb2 (24... Bxa2 25. d5) 25. d5 Bf5+ 26. Kc4 Rc2+ (26...
Rxa2 27. Nd4) 27. Kb5 Rxa2 28. Rc7 $18) 20. Kxd3 Be6 ({I} 20... Rd8 21. Rc7 h6
22. Nd2 Bf5+ 23. Ke3 Rd5 24. Rxb7 Ra5 25. Rcc7 Be6 26. Nc4 Bxc4 27. Rxc4 Ra3+
28. Ke4 Rxa2 29. Rcc7 Rf8 30. d5 $18) ({II} 20... Bf5+ 21. Ke3) 21. a3 ({
Weiß hat alle Zeit, wenngleich} 21. Ng5 {strenger war:} Bxa2 22. Rc7 Kg8 23.
Ne4 Re6 24. Nf6+ Kg7 25. Rxb7 $18) 21... Rad8 22. Rc7 Rd5 (22... h6 23. Nd2 Bd5
24. Ne4 Re6 25. Rc8 Rxc8 26. Rxc8 Rc6 27. Rd8 Bxe4+ 28. Kxe4 Rc3 29. d5 Rxa3
30. Rb8 $18) 23. Ng5 Bd7 (23... Kg8 24. Ne4 Bf5 25. g4 Bxe4+ 26. Kxe4 Red8 27.
Rd1 Ra5 28. d5 $18) 24. Ke4 (24. Kc4 $142 Bc6 25. Rf1 $18) 24... Rd6 (24... Bc6
25. Ke3 Ra5 26. Rf1 Rxa3+ 27. Kd2 Bd5 28. Nxf7 Ra2+ 29. Kc3 Kg8 30. Nh6+ Kh8
31. Ng4 Ra3+ 32. Kd2 Ra2+ 33. Ke3 Ra3+ 34. Kf4 Rf8+ 35. Nf6 Rf7 36. Rfc1 Kg7
37. Rxf7+ Bxf7 38. Rc7 Ra1 39. d5 $18) 25. d5 $18 {Ein Triumph des freien
d-Bauern und seines starken Königs.} Bf5+ (25... h6 26. Nxf7 Kxf7 27. Kd4 Ke7
28. exd6+ Kxd6 29. Rxb7) 26. Kd4 Ra6 27. Nxf7 Kg8 28. g4 (28. g4 Ra4+ 29. R1c4
Rxc4+ 30. Kxc4) 1-0

[Event "Candidates Tournament (Women)"]
[Site "Kazan"]
[Date "2019.06.02"]
[Round "3"]
[White "Goryachkina, Aleksandra"]
[Black "Lagno, Kateryna"]
[Result "1-0"]
[WhiteElo "2522"]
[BlackElo "2554"]
[Annotator "Mikhalchishin,A"]
[PlyCount "159"]
[EventDate "2019.05.31"]
[EventType "tourn"]
[EventRounds "14"]
[EventCountry "RUS"]
[EventCategory "12"]
[SourceTitle "CBM 191"]
[Source "ChessBase"]
[SourceDate "2019.08.31"]
[SourceVersion "1"]
[SourceVersionDate "2019.08.31"]
[SourceQuality "1"]

1. d4 Nf6 2. c4 g6 3. Nc3 d5 4. cxd5 Nxd5 5. e4 Nxc3 6. bxc3 Bg7 7. Nf3 c5 8.
Bb5+ Nc6 9. O-O O-O 10. Ba3 ({It's not big difference where bishop will be
parked:} 10. Be3 cxd4 11. cxd4 Bg4 12. Bxc6 bxc6 13. Rc1 Rc8) 10... cxd4 11.
Bxc6 bxc6 12. cxd4 Bg4 13. Bc5 Re8 14. Rb1 Qd7 15. Rb4 {[#]} e5 ({A bit more
logical was} 15... a5 16. Ra4 Qb7 17. Qb3 (17. h3 Bxf3 18. Qxf3 e5 19. Rc1 exd4
20. Bxd4 Bxd4 21. Rxd4 Qb2 22. Qc3 Qxa2 23. Ra1 Qe2 24. Qxc6 Rac8 {with great
play, Portisch,F (2430)-Smejkal,J (2560) Bratislava 1983}) 17... Qb5 18. Ng5
Qxb3 19. axb3 e5 20. f3 Bd7 21. dxe5 Rxe5 22. Be3 Rb5 23. Rd1 Be8 {Due to
careless play, White is close to having problems, Kortschnoj,V (2595)-Sax,G 
(2600) Reykjavik 1988.}) 16. dxe5 Qe6 17. Qb3 ({Counterplay is everywhere:} 17.
Ra4 Bxe5 18. h3 Red8 19. Qe2 Bxf3 20. Qxf3 Rd2) 17... Bxf3 18. Qxe6 Rxe6 19.
gxf3 Rxe5 20. Rc4 ({Worth trying was} 20. Be3 Bf8 21. Ra4) 20... Rg5+ 21. Kh1
Bf8 22. Rfc1 Rxc5 23. Rxc5 Bxc5 {We have arrived at a took ending with some
weaknesses in Black's position.Usually these positions are very close to draw.}
24. Rxc5 {[#]} Rc8 {Not wrong, but in rook endings the most important weapon
in slightly worse positions is activity .} (24... Rb8 25. Rxc6 (25. Kg2 Rb5 26.
Rxc6 Ra5 27. Rc2 Ra4) 25... Rb2 26. Ra6 Rxf2 27. Rxa7 Rxf3) 25. Kg2 Kf8 26. f4
Ke7 27. Kf3 Kd6 28. Ra5 Rc7 29. Ke3 Rb7 30. h4 Kc7 31. Ra6 Kd6 32. Kd4 Rb4+ 33.
Kd3 Rb7 34. Kc4 ({A bit more precise was} 34. Ra5 Kc7 35. Kc3) 34... Rb2 35. f3
Rf2 36. Rxa7 Rxf3 37. Rxf7 Ke6 38. Rxh7 Rxf4 39. Kd4 c5+ 40. Ke3 Rg4 ({Much
stronger was to prepare frontal attack:} 40... Rf8 41. Rg7 Kf6 42. Rc7 Ra8) 41.
a4 Ke5 42. Kd3 Rg1 43. a5 ({More problems for Black could have been created
with} 43. Re7+ Kf6 44. Ra7 Ke5 45. a5) 43... Ra1 44. Ra7 Ra4 ({The other kind
of counterplay was not better:} 44... Rd1+ 45. Kc4 Rc1+ 46. Kb5 Kxe4 47. a6 c4
48. Kb4 c3 49. Kb3 Ra1 50. Re7+ Kd5 51. a7 Kd6 52. Rg7) 45. a6 c4+ 46. Kc3 Kxe4
47. Ra8 Kf5 48. a7 Kg4 49. h5 gxh5 50. Rg8+ Kf3 51. a8=Q+ Rxa8 52. Rxa8 h4 53.
Rh8 Kg3 54. Kd2 {[#]} ({A theoretical draw would have arisen after the capture
} 54. Kxc4 h3 55. Kd3 h2 56. Ke2 Kg2 57. Rg8+ Kh1) 54... h3 $4 ({We have seen
the same drawing line just a few moves before:} 54... c3+ 55. Kxc3 h3 56. Kd2
h2 57. Ke2 Kg2 58. Rg8+ Kh1) 55. Ke3 h2 56. Rg8+ Kh3 57. Kf2 h1=N+ 58. Kf3 Kh2
{Now we have got a classical technical endgame which is a bit different
because of Black's c-pawn, but with correct technique it is no real problem.}
59. Rh8+ Kg1 60. Rc8 Nf2 61. Rxc4 Nd3 62. Ke3 (62. Rd4 Nc5 63. Rd2) 62... Ne5
63. Re4 Nc6 64. Re6 Nb4 65. Ke2 (65. Rd6) 65... Nd5 66. Rg6+ Kh2 67. Kf3 Nc3
68. Rh6+ Kg1 69. Rc6 Nb5 70. Rc4 Nd6 {[#]} 71. Rc5 $1 {Nice cutting technique.
Months ago we discussed such situations in Hamburg with the great endgame
specialist GM Karsten Mueller on his CB endgame show.} Kh2 72. Kf4 Kg2 73. Rc2+
Kh3 74. Rc6 Nb5 75. Ke5 Kg2 76. Rc2+ Kf1 77. Rc5 Na3 78. Rc3 Nb5 79. Rb3 Nc7
80. Rb7 1-0